REITs (Record no. 76782)

MARC details
000 -LEADER
fixed length control field 00709cab a2200193 4500
001 - CONTROL NUMBER
control field ##L133063
008 - FIXED-LENGTH DATA ELEMENTS--GENERAL INFORMATION
fixed length control field 060406n2006 000 0 eng u
035 ## - SYSTEM CONTROL NUMBER
System control number (Sirsi) u133063
041 0# - LANGUAGE CODE
Language code of text/sound track or separate title eng
100 1# - MAIN ENTRY--PERSONAL NAME
Personal name Dover, Molly
245 00 - TITLE STATEMENT
Title REITs
Remainder of title your FAQs answered
260 ## - PUBLICATION, DISTRIBUTION, ETC.
Date of publication, distribution, etc. 2006
490 #0 - SERIES STATEMENT
Series statement Property Week
Volume/sequential designation 71(13) 31 March 2006, 34-36(3)
520 ## - SUMMARY, ETC.
Summary, etc. Provides concise answers to key questions about REITs and their effect on the market.
590 ## - LOCAL NOTE (RLIN)
Local note IKA110406
690 ## - LOCAL SUBJECT ADDED ENTRY--TOPICAL TERM (OCLC, RLIN)
Topical term or geographic name as entry element PROPERTY-PROPERTY FINANCE AND INVESTMENT-REAL ESTATE INVESTMENT TRUSTS
856 48 - ELECTRONIC LOCATION AND ACCESS
Uniform Resource Identifier <a href="https://www.propertyweek.com/reits-your-faqs-answered/3065208.article">https://www.propertyweek.com/reits-your-faqs-answered/3065208.article</a>
Public note View the item free of charge at www.propertyweek.com
942 ## - ADDED ENTRY ELEMENTS (KOHA)
Suppress in OPAC 0
Holdings
Withdrawn status Lost status Source of classification or shelving scheme Damaged status Not for loan Home library Current library Shelving location Date acquired Total Checkouts Full call number Barcode Date last seen Copy number Price effective from Koha item type
    Dewey Decimal Classification     London London Journal article 06/04/2006   L133063 133063-1001 06/08/2019 1 06/08/2019 Journal article